| 000 | 01058nas a2200337 4500 | ||
|---|---|---|---|
| 001 | BR0810402 | ||
| 003 | BR-BrBNA | ||
| 005 | 20231205113212.0 | ||
| 007 | ta | ||
| 008 | 230509b bl.|||p| |||| 00| 00por d | ||
| 040 |
_aBR-BrBNA _bpor _cBiblioteca Nacional de Agricultura |
||
| 041 | _a(Pt) | ||
| 072 | _aF08; E16 | ||
| 100 | 1 | _aCobucci, T | |
| 100 | 1 | _aWruck,F.J. | |
| 100 | 1 | _aKluthcouski, J. | |
| 100 | 1 | _aMuniz, L C. | |
| 100 | 1 | _aCarnevalli, R.A. | |
| 100 | 1 | _aTeixeira, S.R. | |
| 100 | 1 | _aNeto, M.L.T. | |
| 245 | 1 | _aOpções de integração lavoura-pecuária e alguns de seus aspectos econômicos | |
| 650 | _aAGROPECUÁRIA | ||
| 650 | _aLAVOURA | ||
| 650 | _aECONOMIA DA PRODUÇÃO | ||
| 650 | _aROTAÇÃO DE CULTURA | ||
| 650 | _aPASTAGEM CONSORCIADA | ||
| 650 | _aCONSORCIAÇÃO DE CULTURA | ||
| 773 | 0 |
_tInforme Agropecuário - Empresa de Pesquisa Agropecuária de Minas Gerais (Brazil) _xISSN 0100 3364 _g(Sep-Oct 2007), v. 28(240) p. 64-79 _wBR0810402 |
|
| 909 |
_a202311 _bLúcia _c55 _dLúcia Elande |
||
| 942 |
_2AGRIS _n0 _cANA |
||
| 999 |
_c202432 _d202432 |
||